000 00785nam a2200253 4500
003 OSt
005 20260530113858.0
008 260421b2000 mx a|||| |||| 00| 0 spa d
020 _a9686605452
040 _aICI
_bspa
_cICI
041 _aSPA
050 _aNA755
_bP765
100 1 _aFacultad de Arquitectura de la UNAM
_931990
245 1 0 _aProyectos de Vinculación
_b1997-2000
264 1 _bUNAM Fac. de Arquitectura
_c2000
_aMéxico, D.F
300 _a130 páginas
_b hojas (algunas a color), mapas
336 _atexto
_2rdacontent
337 _asin medio
_2rdamedia
338 _avolumen
_2rdacarrier
650 0 _aArquitectura
_vDiseños y planos
_ySiglo XX
_zMexico
_931991
650 0 _aUrbanismo
_zMéxico
_95191
650 0 _aDiseño industrial
_z México
942 _2ddc
_cBK
999 _c11704
_d11704